Fundamentos de enfermería práctica

Uloženo v:
Podrobná bibliografie
Hlavní autoři: Sorrentino, Sheila A (Autor), Remmert, Leighann N (Autor), Gorek, Bernie (Autor)
Médium: Kniha
Jazyk:španělština
Vydáno: Barcelona Elsevier España S. L 2012
Vydání:4a. ed
Témata:
Tagy: Přidat tag
Žádné tagy, Buďte první, kdo vytvoří štítek k tomuto záznamu!

MARC

LEADER 00000cam a2200000 a 4500
001 UCF8529
003 CL-VaPUC
008 130906e20120000sp |||||||||||||||||spa|d
020 |a 9788480868860 
082 0 4 |a 610.73  |b SOR  |2 21 
100 0 |a Sorrentino, Sheila A  |e author  |9 570619 
700 0 |a Remmert, Leighann N  |e author  |9 570620 
700 0 |a Gorek, Bernie  |e author  |9 570621 
245 1 0 |a Fundamentos de enfermería práctica 
250 |a 4a. ed 
300 |a 548 p 
942 |c BK 
945 |d 20130906 13:01:00  |a dcastane 
260 |a Barcelona  |b Elsevier España S. L  |c 2012 
500 |a Incluye CD 
650 7 |a ENFERMERIA  |2 CL-VaPUC  |9 358289 
650 0 |a Asistentes médicos   |9 556767 
650 0 |a Manuales  |9 257144 
650 0 |a Auxiliares médicos  |9 556762 
583 |a last modification  |c 20130906 13:01:00  |k Rodrigo Vera 
999 |c 353100  |d 353098 
952 |0 0  |1 0  |3 erb  |4 0  |6 610_730000000000000_SOR_2012  |7 0  |8 A  |9 458014  |a BIBCUR  |b BIBCUR  |d 2019-11-23  |i 5005663  |o 610.73 SOR 2012  |p 5005663  |r 2025-04-22  |w 2019-11-23  |y BK  |z Catalogado en:20130906  |k KIN 
952 |0 0  |1 0  |3 erb  |4 0  |6 610_730000000000000_SOR_2012  |7 0  |8 A  |9 458015  |a BIBCUR  |b BIBCUR  |d 2019-11-23  |i 5005671  |o 610.73 SOR 2012  |p 5005671  |r 2025-04-22  |w 2019-11-23  |y BK  |z Catalogado en:20130906  |k KIN 
952 |0 0  |1 0  |3 erb  |4 0  |6 610_730000000000000_SOR_2012  |7 0  |8 A  |9 458016  |a BIBCUR  |b BIBCUR  |i 5031745  |l 1  |m 2  |o 610.73 SOR 2012  |p 5031745  |r 2025-04-22  |s 2023-05-18  |w 2019-11-23  |y BK  |z Catalogado en:20131206  |k KIN 
952 |0 0  |1 0  |3 erb  |4 0  |6 610_730000000000000_SOR_2012  |7 0  |8 A  |9 458018  |a BIBCUR  |b BIBCUR  |i 5031893  |o 610.73 SOR 2012  |p 5031893  |r 2025-04-22  |w 2019-11-23  |y BK  |z Catalogado en:20140317  |k KIN